Datum a čas kvízu
32.5
Celkem bodů
Celkový počet nahraných bodů na tomto kvízu bez doplňovacích otázek.
4.
Pořadí na kvízu
Konečné umístění týmu na tomto kvízu.
Zaznamenané odpovědi
| # | Otázka | Odpověď | Body | Výsledky |
|---|---|---|---|---|
| 1. | V českých médiích jsme se minu... | Alpine Pro | 0 | |
| 2. | Francouzský prezident Emmanuel... | v Arménii | 1 | |
| 3. | V pátek oslavil významný brits... | (sir) David Attenborough; 100 let | 1 | |
| 4. | V Praze se minulý víkend uskut... | psů | 1 | |
| 5. | Kapitán stříbrných hokejistů d... | Washington Capitals | 0 | |
| 6. | Téma začneme jednou z nejoblíb... | Matěj Kotrba | 1 | |
| 7. | V roce 2023 jsme mohli v kinec... | Oppenheimer | 1 | |
| 8. | Který herec si zahrál Hektóra,... | Eric Bana | 1 | |
| 9. | Půl bodu obdržíte za název fil... | Statečné srdce (Braveheart); Mel Gibson | 0 | |
| 10. | Který režisér je podepsán pod... | C | 1 |